| 000 | 006740000a22002530004500 | ||
|---|---|---|---|
| 003 | LK-CoMWRAF | ||
| 005 | 20231109110625.0 | ||
| 008 | 230817t2003 ||||| |||| 00| 0 eng d | ||
| 020 | _a0552151297 | ||
| 040 |
_aLK-CoMWRAF _dLK-CoMWRAF _eLK-CoMWRAF |
||
| 041 | _aeng | ||
| 082 |
_a909.83 _bBAR |
||
| 100 | _aBarber, Benjamin R. | ||
| 245 | _aJihad vs. McWorld | ||
| 260 |
_aNew York: _bCORGI BOOKS, _c2003 |
||
| 300 |
_axxxv, 389 p. ; 20 cm. _bIndex included |
||
| 650 | _aSOCIAL VALUES | ||
| 650 | _aSocial history -- 20th century | ||
| 650 | _aDemocracy | ||
| 650 | _a Capitalism | ||
| 650 | _aReligious fundamentalism | ||
| 650 | _aNationalism | ||
| 942 | _cBK | ||
| 999 |
_c516 _d516 |
||